Slovensko-maďarský a maďarsko-slovenský odborný slovník z urbanizmu a priestorovej ekonomiky

Guardado en:
Detalles Bibliográficos
Formato: Libro
Lenguaje:eslovaco
húngaro
Publicado: Bratislava Výskumný ústav oblastného plánovania 1982
Etiquetas: Agregar Etiqueta
Sin Etiquetas, Sea el primero en etiquetar este registro!

MARC

LEADER 00000nam a2200000 4500
001 c136557
005 20150325110645.7
041 0 |a slo 
041 0 |a hun 
044 |a SK 
245 1 0 |a Slovensko-maďarský a maďarsko-slovenský odborný slovník z urbanizmu a priestorovej ekonomiky 
264 1 |a Bratislava  |b Výskumný ústav oblastného plánovania  |c 1982 
300 |a 327 s.